Services: Marketing , Operation and Management (Record no. 2883)

MARC details
005 - DATE AND TIME OF LATEST TRANSACTION
control field 20250530102653.0
020 ## - INTERNATIONAL STANDARD BOOK NUMBER
International Standard Book Number 0-19568908-9
082 ## - DEWEY DECIMAL CLASSIFICATION NUMBER
Classification number 658 JAU
100 ## - MAIN ENTRY--PERSONAL NAME
Author name JAUHARI, V.
245 ## - TITLE STATEMENT
Title Services: Marketing , Operation and Management
260 ## - PUBLICATION, DISTRIBUTION, ETC.
Place of publication, distribution, etc. New Delhi,
Name of publisher, distributor, etc. Oxford University press,
Date of publication, distribution, etc. 2010.
300 ## - PHYSICAL DESCRIPTION
Extent xv, 584p.:Ill.; figures & table
Other physical details Index
Dimensions 24cm.
700 ## - ADDED ENTRY--PERSONAL NAME
Other authors/Editors DUTTA, K.
942 ## - ADDED ENTRY ELEMENTS (KOHA)
Source of classification or shelving scheme Dewey Decimal Classification
Koha item type Books
Holdings
Date last seen Total checkouts Full call number Barcode Cost, replacement price Price effective from Koha item type Lost status Source of classification or shelving scheme Damaged status Not for loan Withdrawn status Home library Current library Shelving location Date acquired Cost, normal purchase price
05/30/2025   658 JAU 00000010457 217425.00 05/30/2025 Books   Dewey Decimal Classification       College of Business Education Main Library College of Business Education Main Library Special Reserve Collection 06/04/2018 72475.00